000 00453nmm a2200157Ia 4500
008 251105s9999||||xx |||||||||||||||||und||
020 _a9788415209683
041 _aspa
100 _aCal, Rosa
245 0 _a"¡A la cola!"
264 _a[Madrid, España] :
_bAebius,
_c[Fecha de publicación no identificada]
300 _a0 páginas
650 _aSocial Sciences (General)
856 _uhttps://public.digitaliapublishing.com/a/83892
942 _cCF
999 _c76508
_d76508